Transnacionálne korporácie ako globálni hráči a ich pôsobenie v národných kultúrach bakalárska práca

Uložené v:
Podrobná bibliografia
Hlavný autor: Pavlisková, Michaela
Korporativný autor: Obchodná fakulta EU. Katedra medzinárodného obchodu
Ďalší autori: Malík, Marek
Médium: Kniha
Jazyk:Slovak
Vydavateľské údaje: Bratislava 2009
Tagy: Pridať tag
Žiadne tagy, Buďte prvý, kto otaguje tento záznam!

MARC

LEADER 00000nam$a2200000$$$4500
001 0103671
005 20240318133908.7
041 0 |a slo 
044 |a SK 
245 1 0 |a Transnacionálne korporácie ako globálni hráči a ich pôsobenie v národných kultúrach  |b bakalárska práca  |c Michaela Pavlisková ; škol. Marek Malík 
264 1 |a Bratislava  |c 2009 
300 |a 57 s. 
100 1 |a Pavlisková, Michaela 
700 1 |a Malík, Marek 
710 2 |a Obchodná fakulta EU. Katedra medzinárodného obchodu